Top 10 Songs by the Talking Heads - Statistics

General Stats
  • This quiz has been taken 4 times
  • The average score is 5 of 10
Answer Stats
Hint Answer % Correct
3 Burning Down the House
75%
1 Psycho Killer
75%
4 Road to Nowhere
75%
7 And She Was
50%
6 Girlfriend is Better
50%
5 Life During Wartime
50%
2 Once in a Lifetime
50%
9 Crosseyed and Painless
25%
10 Born Under Punches (The Heat Goes On)
0%
8 This Must Be the Place (Naive Melody)
0%
No matching quizzes found
Score Distribution
Percent of People with Each Score
Percentile by Number Answered
Your Score History
You have not taken this quiz